Представление документа в формате MARC21

Поле Инд. ПП Название Значение
Тип записи a
Библиографический уровень b
001 Контрольный номер DU/540563899
005 Дата корректировки 20200625183924.3
008 Кодируемые данные 20170216
040 b Код языка каталог. rus
e Правила каталог. PSBO
041 0_ a Код языка текста rus
084 a Индекс другой классификации/Индекс ББК 65.305.222; 65.428.532
100 1_ a Автор Долгих Ю. А.
q Полное имя Долгих Юлия Александровна
100 1_ a Автор Слепухина Ю. Э.
q Полное имя Слепухина Юлия Эдуардовна
245 10 a Заглавие Рыночные риски функционирования экспортно ориентированных железнорудных компаний России
504 a Библиография Библиогр.: с. 23
520 0_ a Аннотация Статья посвящена выявлению основных видов рыночных рисков для российских железнорудных компаний, экспортирующих свою продукцию на мировой рынок. Данные риски идентифицированы на основе подробного исследования современной конъюктуры мирового рынка железнорудного сырья. Выявлены основные структурные особенности рынка, проанализирована его динамика, а также сформулированы доминирующие тенденции развития рынка в среднесрочной перспективе (2017 - 2020). В результате этого определены основные виды рыночных рисков, несущих серьезную угрозу экспортному потенциалу российских железнорудных компаний, и предложены рекомендательные меры по минимизации этих рисков
650 14 a Основная рубрика внешняя торговля
a Основная рубрика торговля
a Основная рубрика экономика
a Основная рубрика экономика промышленности
653 1_ a Ключевые слова горнодобывающая промышленность
a Ключевые слова горнодобывающие предприятия
a Ключевые слова железорудные компании
a Ключевые слова железорудные месторождения
a Ключевые слова импорт железной руды
a Ключевые слова Китай
a Ключевые слова мировой рынок
a Ключевые слова Россия
a Ключевые слова рыночные риски
a Ключевые слова управление рисками (риск-менеджмент)
a Ключевые слова цены на железорудное сырье
a Ключевые слова экспорт железной руды
a Ключевые слова экспорт продукции
773 08 t Заглавие источника Управление риском
d Дата издания источника 2016
g Прочая информация № 3. - С. 11 - 23 : табл., граф., диагр., схем.
w Контрольный № источника DU/536168578
901 t Тип документа b